|
|
|
|
| LEADER |
01286nam a2200253 i 4500 |
| 003 |
GR-PaULI |
| 005 |
20210117210635.0 |
| 008 |
180608t2013 enka|||g |||| 001 0 eng d |
| 020 |
|
|
|a 9780197265253
|
| 040 |
|
|
|a GR-PaULI
|b gre
|c GR-PaULI
|e AACR2
|
| 082 |
0 |
4 |
|2 23
|a 401.43
|
| 245 |
0 |
0 |
|a Periphrasis :
|b the role of syntax and morphology in paradigms /
|c edited by Marina Chumakina [και] Greville G. Corbett.
|
| 260 |
|
|
|a Oxford :
|b Oxford University Press,
|c 2013.
|
| 300 |
|
|
|a xiii, 273 σ. :
|b εικ. ;
|c 24 εκ.
|
| 490 |
1 |
|
|a Proceedings of the British Academy ;
|v 180
|
| 504 |
|
|
|a Περιλαμβάνει βιβλιογραφικές αναφορές και ευρετήριο.
|
| 650 |
|
4 |
|9 24244
|a Γραμματική, Συγκριτική και γενική
|
| 700 |
1 |
|
|9 169385
|a Chumakina, Marina
|e επιμελήτρια.
|
| 700 |
1 |
|
|9 78969
|a Corbett, Greville G.,
|d 1947-
|e επιμελητής.
|
| 830 |
|
0 |
|9 169386
|a Proceedings of the British Academy
|v 180.
|
| 942 |
|
|
|2 ddc
|c BK15
|
| 952 |
|
|
|0 0
|1 0
|2 ddc
|4 0
|6 401_430000000000000_PER
|7 0
|9 222944
|a LISP
|b LISP
|c BSC
|d 2018-06-08
|i 014109
|l 0
|o 401.43 PER
|p 025000256795
|r 2018-06-08 00:00:00
|t 1
|v 2018.00
|w 2018-06-08
|y BK15
|x Μεταφορά Τμήματος Φιλολογίας
|
| 998 |
|
|
|c ΒΑΣΙΛΕΙΟΥ
|d 2018-06
|
| 999 |
|
|
|c 134734
|d 134734
|